| 000 | 01141nam a2200205 a 4500 | ||
|---|---|---|---|
| 008 | 190917e1964 sp |||g |||| 001 0 spa d | ||
| 020 | _aS/D | ||
| 041 | _aspa | ||
| 092 |
_c808 _l77 _sSAM |
||
| 100 | 1 |
_aSamaniego, Félix Maria _94029 |
|
| 245 |
_aFábulas / _cFélix Maria Samaniego |
||
| 250 | _a4a ed. | ||
| 260 |
_aMadrid: _bEspasa Calpe; _c1964. |
||
| 300 | _a157 p. | ||
| 500 | _aSamaniego, F. M. (1964). Fábulas. (4a ed.). Madrid : Espasa Calpe. | ||
| 505 | _aMuchos son los sabios, de diferentes siglos y naciones, que han inspirado al renombre de fabulistas; pero muy pocos los que han hecho esta carrera felizmente. Este conocimiento debiera haberme retraído del arduo empeño de meterme a contar fábulas en verso castellano. Así hubiera sido; pero permítame el público protestar con sinceridad, en mi abono, que en esta empresa no ha tenido parte mi elección. Es puramente obra de mi pronta obediencia, debida a una persona, en quien respeto unidas las calidades de tío, maestro y jefe. | ||
| 590 | _aProyecto 4to libro, Donación Constanzo Juan Carlos, marzo 2019 | ||
| 655 |
_aLiteratura _92917 |
||
| 942 |
_2ddc _cLIT |
||
| 999 |
_c2871 _d2871 |
||